=LDR 00000nam 2200000 4500 =001 INLIS000000000008863 =005 20200714111211 =035 ##$$a 0010-061300000008863 =008 200714###########################0###### =041 ##$$a Ind =082 ##$$a 2x5.1 =090 ##$$a 2x5.1, Kre d =100 ##$$a Kresem, Mahdy saeed Rezig =245 1#$$a Adap islam dalam kehidupan sehari-hari, Mahadi saeed Rezig Kresem;penerjmah Abdul Basitah Bin Ibrahim EL =260 ##$$a 2000 :$b Jakarta =300 ##$$a vii, 120 hlm, 21 cm =650 #4$$a Akhlak(islam) =700 #$$a bantang,Abdul Basitah bin Ibrahim =850 ##$$a NBPNMAT =990 ##$$a DW00024698 =990 ##$$a DW00024699 =990 ##$$a DW00024700